El dengue al asecho
Saved in:
| Format: | Text |
|---|---|
| Subjects: | |
| Tags: |
Add Tag
No Tags, Be the first to tag this record!
|
MARC
| LEADER | 00000 a a2200000 04500 | ||
|---|---|---|---|
| 001 | 6842 | ||
| 003 | |||
| 040 | |||
| 245 | |a El dengue al asecho | ||
| 650 | |a SALUD PUBLICA | ||
| 650 | |a ENFERMEDADES | ||
| 650 | |a SALUD | ||
| 650 | |a EL SALVADOR | ||
| 773 | |g volumen 28, número 1254; páginas 12-13 | ||
| 999 | |c 38448 |d 38448 | ||
